[Event "Hastings Chess Congress"]
[Site "Hastings ENG"]
[Date "2008.12.31"]
[EventDate "2008.12.28"]
[Round "4"]
[Result "0-1"]
[White "Jude A Lenier"]
[Black "Paul Hopper"]
[WhiteElo "1831"]
[BlackElo "2173"]
[PlyCount "53"]

1. e4 d6 2. d4 Nf6 3. Nc3 g6 4. Be3 c6 5. Qd2 b5 6. Bd3 Nbd7
7. Nf3 Qc7 8. O-O Bg7 9. h3 O-O 10. Bh6 e5 11. Bxg7 Kxg7
12. a4 b4 13. Ne2 c5 14. c3 bxc3 15. bxc3 cxd4 16. cxd4 exd4
17. Nexd4 Nc5 18. Nf5+ Bxf5 19. exf5 Nb3 20. Qg5 Nxa1 21. fxg6
fxg6 22. Nd4 Rae8 23. Rxa1 Qb6 24. Bxg6 hxg6 25. Nf5+ Kf7
26. Nh6+ Ke6 27. Qxg6 0-1

[Event "Hastings Chess Congress"]
[Site "Hastings ENG"]
[Date "2009.01.01"]
[EventDate "2008.12.28"]
[Round "5"]
[Result "1/2-1/2"]
[White "Willy Hendriks"]
[Black "Valery Neverov"]
[WhiteElo "2447"]
[BlackElo "2571"]
[PlyCount "112"]

1. e4 c5 2. Nf3 e6 3. c3 d5 4. e5 d4 5. Bd3 Nc6 6. O-O Nge7
7. Re1 Nf5 8. Be4 Be7 9. d3 Bd7 10. Nbd2 Qc7 11. a4 dxc3
12. bxc3 Na5 13. Nb3 Nxb3 14. Qxb3 Bc6 15. Rb1 O-O-O 16. Nd2
Rd7 17. Nc4 Rhd8 18. Qc2 g5 19. a5 h6 20. Qe2 Bxe4 21. dxe4
Nh4 22. Qh5 Ng6 23. g3 Nxe5 24. Bf4 Bd6 25. Bxe5 Bxe5 26. Rb3
Bg7 27. e5 Kb8 28. Qf3 Rd3 29. Qe4 Rd1 30. Nd6 Rxe1+ 31. Qxe1
Rxd6 32. exd6 Qxd6 33. Qb1 Qc6 34. c4 f5 35. Qd1 Bd4 36. Qh5
a6 37. Qe2 Qa4 38. Qf3 Qd7 39. Rb6 g4 40. Qf4+ Ka7 41. Qxh6
Qa4 42. Qf4 Qd1+ 43. Kg2 Qe2 44. Rd6 Qxc4 45. Rd8 e5 46. Qxf5
Qa2 47. Rd7 Qxa5 48. Qxg4 Qb5 49. Qe6 c4 50. Rc7 c3 51. h4 Qb2
52. Qf5 a5 53. h5 Qb6 54. Qd7 Qb2 55. Qf5 Qb6 56. Qd7 Qb2
1/2-1/2

[Event "Hastings Chess Congress"]
[Site "Hastings ENG"]
[Date "2009.01.01"]
[EventDate "2008.12.28"]
[Round "5"]
[Result "1/2-1/2"]
[White "Richard A Bates"]
[Black "Stuart C Conquest"]
[WhiteElo "2387"]
[BlackElo "2526"]
[PlyCount "119"]

1. d4 Nf6 2. Nf3 e6 3. c4 c5 4. d5 b5 5. Bg5 exd5 6. cxd5 d6
7. e4 a6 8. Nbd2 Be7 9. Bf4 Bg4 10. a4 bxa4 11. Qxa4+ Nbd7
12. e5 Nxd5 13. exd6 Bf6 14. Bd3 O-O 15. O-O N7b6 16. Qe4 g6
17. Bg3 Bf5 18. Qe2 Re8 19. Ne4 c4 20. Bb1 Bxe4 21. Bxe4 c3
22. Rae1 cxb2 23. Qd3 Rc8 24. Bxd5 Nxd5 25. Qxd5 Rxe1 26. Rxe1
Rc1 27. Qd2 b1=Q 28. Rxc1 Qb2 29. Qxb2 Bxb2 30. Rd1 Qd7 31. h3
Qa4 32. Rd2 Bf6 33. Kh2 a5 34. d7 Bd8 35. Rd4 Qb5 36. Ne5 a4
37. Rc4 Kg7 38. Rc8 Bf6 39. d8=Q Bxd8 40. Rxd8 a3 41. Rd7 a2
42. Rxf7+ Kg8 43. Ra7 Qb1 44. Ra8+ Kg7 45. Nf3 Kf7 46. Be5 Ke6
47. Ra5 Kd7 48. Ra6 Ke7 49. Nd4 g5 50. Ra7+ Ke8 51. Nf3 h6
52. Kg3 Qc2 53. Ra6 Qc4 54. Ra8+ Ke7 55. Kh2 Ke6 56. Rh8 a1=Q
57. Rxh6+ Ke7 58. Rh7+ Ke6 59. Rh6+ Ke7 60. Rh7+ 1/2-1/2

[Event "Hastings Chess Congress"]
[Site "Hastings ENG"]
[Date "2009.01.01"]
[EventDate "2008.12.28"]
[Round "5"]
[Result "1/2-1/2"]
[White "Simon J B Knott"]
[Black "Luis Javier Bernal Moro"]
[WhiteElo "2348"]
[BlackElo "2451"]
[PlyCount "82"]

1. Nf3 Nf6 2. c4 g6 3. Nc3 Bg7 4. e4 d6 5. d4 O-O 6. Be2 c5
7. O-O Nc6 8. d5 Na5 9. Bd2 e5 10. Bg5 h6 11. Bh4 a6 12. Nd2
Qc7 13. a3 b6 14. b4 Nb7 15. Qc2 Bd7 16. bxc5 Nxc5 17. a4 Rab8
18. Rfb1 a5 19. f3 Nh5 20. Nb5 Bxb5 21. Rxb5 Nf6 22. Nb3 Na6
23. Bf2 Nd7 24. Be3 h5 25. Qd2 Bf6 26. Nc1 Ndc5 27. Nd3 Bd8
28. Nxc5 bxc5 29. Bh6 Re8 30. g4 Kh7 31. Kh1 Qe7 32. Be3 hxg4
33. fxg4 Qh4 34. Qe1 Qxe1+ 35. Rxe1 Rxb5 36. cxb5 Nb4 37. Rf1
Kg7 38. Kg2 Rh8 39. h3 g5 40. Bc4 Kg6 41. Rf2 Be7 1/2-1/2

[Event "Hastings Chess Congress"]
[Site "Hastings ENG"]
[Date "2009.01.01"]
[EventDate "2008.12.28"]
[Round "5"]
[Result "1-0"]
[White "Didier Leroy"]
[Black "Adam Hunt"]
[WhiteElo "2286"]
[BlackElo "2431"]
[PlyCount "61"]

1. d4 Nf6 2. c4 g6 3. f3 Bg7 4. e4 O-O 5. Ne2 d6 6. Nec3 e5
7. d5 Nh5 8. Be3 f5 9. c5 Nd7 10. cxd6 cxd6 11. Nd2 Ndf6
12. Qb3 Rf7 13. O-O-O fxe4 14. Ndxe4 Nxe4 15. Nxe4 Bf5 16. Nc3
Bd7 17. Kb1 b5 18. Ka1 a5 19. Bxb5 Bxb5 20. Nxb5 a4 21. Qa3
Rb7 22. Nxd6 Rb3 23. axb3 axb3 24. Ne4 Rxa3+ 25. bxa3 Nf6
26. d6 Qa5 27. Kb2 Nd5 28. Bc5 Nc3 29. Bb4 Nxd1+ 30. Rxd1 Qd8
31. d7 1-0

[Event "Hastings Chess Congress"]
[Site "Hastings ENG"]
[Date "2009.01.01"]
[EventDate "2008.12.28"]
[Round "5"]
[Result "1-0"]
[White "Simon T Ansell"]
[Black "Odion Aikhoje"]
[WhiteElo "2410"]
[BlackElo "2260"]
[PlyCount "47"]

1. e4 e6 2. d3 d5 3. Nd2 Nf6 4. Ngf3 c5 5. g3 Nc6 6. Bg2 Be7
7. O-O Rb8 8. Re1 b5 9. exd5 exd5 10. d4 c4 11. Ne5 Rb6 12. a4
Nxd4 13. Nb1 Ne6 14. axb5 Bb7 15. Rxa7 Qb8 16. Rxb7 Qxb7
17. Nc3 Rxb5 18. Nxb5 Qxb5 19. Bh3 Nc5 20. Bg5 O-O 21. Bxf6
gxf6 22. Qg4+ Kh8 23. Qh5 Rg8 24. Nxf7+ 1-0

[Event "Hastings Chess Congress"]
[Site "Hastings ENG"]
[Date "2009.01.01"]
[EventDate "2008.12.28"]
[Round "5"]
[Result "1/2-1/2"]
[White "Mark Hebden"]
[Black "Peter S Poobalasingam"]
[WhiteElo "2515"]
[BlackElo "2235"]
[PlyCount "79"]

1. d4 Nf6 2. Nf3 b6 3. e3 e6 4. Bd3 Bb7 5. O-O Be7 6. c4 O-O
7. Nc3 d5 8. b3 c5 9. Bb2 cxd4 10. exd4 Nc6 11. Rc1 dxc4
12. bxc4 Rc8 13. Re1 Rc7 14. d5 exd5 15. Nxd5 Nxd5 16. cxd5
Nb4 17. Rxc7 Qxc7 18. Be4 Rd8 19. Qd4 f6 20. Ng5 Bc5 21. Bxh7+
Kh8 22. Qh4 Bxf2+ 23. Qxf2 fxg5 24. Bg6 Nxd5 25. Be5 Qc5
26. Bd4 Qf8 27. Qxf8+ Rxf8 28. g3 Rd8 29. Rf1 Nf4 30. gxf4
Rxd4 31. Re1 Bc6 32. f5 Kg8 33. Re7 Bd7 34. Kf2 Kf8 35. Rf7+
Kg8 36. Ke3 Rd1 37. Ke4 Be8 38. Rxa7 Bxg6 39. fxg6 Rd6 40. a4
1/2-1/2

[Event "Hastings Chess Congress"]
[Site "Hastings ENG"]
[Date "2009.01.01"]
[EventDate "2008.12.28"]
[Round "5"]
[Result "0-1"]
[White "Arne Hagesaether"]
[Black "Aaron Summerscale"]
[WhiteElo "2181"]
[BlackElo "2467"]
[PlyCount "62"]

1. e4 e6 2. d4 d5 3. Nd2 c5 4. Ngf3 Nf6 5. exd5 exd5 6. Bb5+
Bd7 7. Bxd7+ Nbxd7 8. O-O Be7 9. dxc5 Nxc5 10. c3 O-O 11. Nb3
Nce4 12. h3 Re8 13. Nbd4 Qd7 14. Ne5 Qc8 15. Nd3 a6 16. Bf4 b6
17. Bh2 Bf8 18. Nf4 b5 19. Nc2 Qb7 20. Qd3 Rad8 21. Rad1 Bd6
22. Ne2 Bf8 23. Ne3 a5 24. Nd4 b4 25. cxb4 axb4 26. a3 bxa3
27. bxa3 Rc8 28. Ng4 Nxg4 29. hxg4 Rc4 30. Nf5 Qc8 31. f3 Qc5+
0-1

[Event "Hastings Chess Congress"]
[Site "Hastings ENG"]
[Date "2009.01.01"]
[EventDate "2008.12.28"]
[Round "5"]
[Result "0-1"]
[White "David Spence"]
[Black "Jovanka Houska"]
[WhiteElo "2214"]
[BlackElo "2399"]
[PlyCount "86"]

1. e4 c6 2. d4 d5 3. Nc3 dxe4 4. Nxe4 Bf5 5. Ng3 Bg6 6. h4 h6
7. Nf3 Nd7 8. h5 Bh7 9. Bd3 Bxd3 10. Qxd3 e6 11. Bf4 Qa5+
12. Bd2 Bb4 13. c3 Be7 14. c4 Qc7 15. d5 cxd5 16. cxd5 Qd6
17. Qb3 Ngf6 18. dxe6 Qxe6+ 19. Qxe6 fxe6 20. Nd4 Kf7
21. O-O-O Nc5 22. Kb1 Rhd8 23. Nb5 Nce4 24. Nxe4 Nxe4 25. Be3
a6 26. Nc3 Nxc3+ 27. bxc3 Rac8 28. Bd4 Rd5 29. Rde1 Bc5
30. Rh4 Bxd4 31. cxd4 Rb5+ 32. Ka1 Rc2 33. Rf4+ Rf5 34. Rxf5+
exf5 35. d5 Rxf2 36. d6 Rxg2 37. Re7+ Kf6 38. Rxb7 Rd2 39. d7
f4 40. Kb1 Kg5 41. Kc1 Rd6 42. Kc2 f3 43. Rb3 Rxd7 0-1

[Event "Hastings Chess Congress"]
[Site "Hastings ENG"]
[Date "2009.01.01"]
[EventDate "2008.12.28"]
[Round "5"]
[Result "0-1"]
[White "Chino C Atako"]
[Black "Thomas E Rendle"]
[WhiteElo "2100"]
[BlackElo "2385"]
[PlyCount "102"]

1. e4 e6 2. Nf3 d5 3. Nc3 d4 4. Ne2 c5 5. c3 Nc6 6. cxd4 Nf6
7. e5 Nd7 8. dxc5 Ndxe5 9. Nxe5 Nxe5 10. d4 Bxc5 11. Be3 Bb4+
12. Nc3 Nc6 13. Bc4 O-O 14. O-O Bd6 15. Qh5 Qa5 16. Qf3 Qc7
17. Nb5 Nxd4 18. Bxd4 Bxh2+ 19. Kh1 Qxc4 20. a4 e5 21. Rfc1
Qb4 22. Kxh2 exd4 23. Qf4 Bd7 24. Qxd4 Qxd4 25. Nxd4 Rac8
26. Rd1 a6 27. b4 Rfd8 28. b5 g6 29. bxa6 bxa6 30. a5 Be8
31. Nb3 Rxd1 32. Rxd1 Ba4 33. Rd3 Rc2 34. Nd2 Bb5 35. Rd8+ Kg7
36. f3 Ra2 37. g4 Rxa5 38. Kg3 Ra3 39. Rc8 Bd3 40. Kf4 h6
41. Rc7 a5 42. g5 hxg5+ 43. Kxg5 a4 44. Kf4 Bf5 45. Ne4 Bxe4
46. Kxe4 Rb3 47. Ra7 a3 48. Kf4 Kh6 49. Kg3 f6 50. Ra6 Kg5
51. Ra5+ f5 0-1

[Event "Hastings Chess Congress"]
[Site "Hastings ENG"]
[Date "2009.01.01"]
[EventDate "2008.12.28"]
[Round "5"]
[Result "1/2-1/2"]
[White "Vladimir Prosviriakov"]
[Black "John Anderson"]
[WhiteElo "2327"]
[BlackElo "2213"]
[PlyCount "76"]

1. d4 d5 2. c4 c6 3. Nf3 Nf6 4. e3 Bf5 5. Qb3 Qc7 6. Nc3 e6
7. Bd2 Nbd7 8. Rc1 Qb6 9. Nh4 Qxb3 10. axb3 Bg6 11. Nxg6 hxg6
12. Be2 Bd6 13. h3 g5 14. g4 Ne4 15. Nxe4 dxe4 16. Bf1 f5
17. Bg2 Nf6 18. Ke2 g6 19. Bc3 Ke7 20. b4 Rh7 21. Ra1 a6
22. b5 cxb5 23. cxb5 Rhh8 24. bxa6 bxa6 25. f3 Rhb8 26. fxe4
Nxe4 27. Bxe4 fxe4 28. Ra4 a5 29. Rha1 Bc7 30. Rc4 Bd6 31. Kd2
Rh8 32. Rxa5 Rxa5 33. Bxa5 Rxh3 34. b4 Rh2+ 35. Kc1 Rh3
36. Rc3 Bf4 37. Kd2 Rh2+ 38. Kc1 Rh3 1/2-1/2

[Event "Hastings Chess Congress"]
[Site "Hastings ENG"]
[Date "2009.01.01"]
[EventDate "2008.12.28"]
[Round "5"]
[Result "1/2-1/2"]
[White "Konstantinos Nikolaidis"]
[Black "Oliver Jackson"]
[WhiteElo "2264"]
[BlackElo "2182"]
[PlyCount "25"]

1. d4 Nf6 2. Nf3 c5 3. d5 b5 4. c4 Bb7 5. Nfd2 e6 6. e4 bxc4
7. dxe6 dxe6 8. Nc3 Be7 9. Bxc4 O-O 10. O-O Nc6 11. Re1 Ne5
12. Qe2 Qd4 13. Bb3 1/2-1/2

[Event "Hastings Chess Congress"]
[Site "Hastings ENG"]
[Date "2009.01.01"]
[EventDate "2008.12.28"]
[Round "5"]
[Result "0-1"]
[White "Julian Antonio Rojas Alarcon"]
[Black "Andrew Greet"]
[WhiteElo "2187"]
[BlackElo "2440"]
[PlyCount "116"]

1. c4 e5 2. Nc3 d6 3. g3 f5 4. d3 Nf6 5. Bg2 Be7 6. Nf3 O-O
7. O-O Qe8 8. e3 Nc6 9. Rb1 Kh8 10. b4 e4 11. dxe4 fxe4
12. Nd2 Bf5 13. Nb5 Bd8 14. Bb2 Ne5 15. Bxe5 Qxe5 16. Qc2 c6
17. Nd4 Bg6 18. c5 d5 19. b5 Be8 20. bxc6 bxc6 21. Rb7 h5
22. Qc3 Ng4 23. h3 Nh6 24. Ne2 Qxc3 25. Nxc3 Rf7 26. Rfb1 Ba5
27. Rb8 Rxb8 28. Rxb8 Bxc3 29. Rxe8+ Ng8 30. Nf1 Be1 31. Rc8
Bxf2+ 32. Kh1 Rf6 33. Ra8 Be1 34. Rxa7 Bb4 35. a4 Bxc5 36. Rb7
Rf2 37. h4 Ne7 38. Bh3 Ra2 39. Rb8+ Kh7 40. Ra8 Kg6 41. Bd7
Kf6 42. Bxc6 Nxc6 43. Ra6 Kf5 44. Rxc6 Bb4 45. Rc7 g6 46. Rd7
Kg4 47. Rxd5 Be1 48. Rg5+ Kh3 49. Rxg6 Rf2 50. Nh2 Rxh2+
51. Kg1 Bxg3 52. Re6 Re2 53. Rf6 Rxe3 54. a5 Ra3 55. Kf1 Ra2
56. Re6 Rf2+ 57. Kg1 Rf3 58. Rxe4 Bh2+ 0-1

[Event "Hastings Chess Congress"]
[Site "Hastings ENG"]
[Date "2009.01.01"]
[EventDate "2008.12.28"]
[Round "5"]
[Result "0-1"]
[White "Martyn Goodger"]
[Black "Petr Marusenko"]
[WhiteElo "2164"]
[BlackElo "2320"]
[PlyCount "88"]

1. e4 c6 2. c4 d5 3. cxd5 cxd5 4. exd5 Nf6 5. Qa4+ Nbd7 6. Nc3
a6 7. Nf3 g6 8. Ng5 Bg7 9. Ne6 fxe6 10. dxe6 O-O 11. exd7 Nxd7
12. Be2 Kh8 13. O-O Nc5 14. Qc4 Ne6 15. d4 Nxd4 16. Be3 Be6
17. Qd3 Bf5 18. Qd2 Nxe2+ 19. Nxe2 Qxd2 20. Bxd2 Bxb2 21. Bc3+
Bxc3 22. Nxc3 Rac8 23. Nd5 Be6 24. Ne3 Rfd8 25. Rab1 b5
26. Rb2 Rc3 27. Re1 Ra3 28. Ree2 Kg8 29. f3 Rd4 30. Nc2 Rd1+
31. Kf2 Rxa2 32. Rxa2 Bxa2 33. Ne3 Ra1 34. Nc2 Rc1 35. Nb4 Bc4
36. Rxe7 a5 37. Nc6 a4 38. Ne5 Rc2+ 39. Kg3 Re2 40. f4 a3
41. Ra7 a2 42. Ng4 Re7 43. Ra8+ Kg7 44. h4 Re1 0-1

[Event "Hastings Chess Congress"]
[Site "Hastings ENG"]
[Date "2009.01.01"]
[EventDate "2008.12.28"]
[Round "5"]
[Result "0-1"]
[White "Malek Mohammed Abdul"]
[Black "Ryan Rhys Griffiths"]
[WhiteElo "2264"]
[BlackElo "2107"]
[PlyCount "60"]

1. d4 Nf6 2. Nf3 e6 3. Bg5 h6 4. Bh4 d6 5. e3 Nbd7 6. Bd3 g5
7. Bg3 Nh5 8. e4 Bg7 9. c3 O-O 10. O-O b6 11. Ne1 Nxg3
12. fxg3 c5 13. d5 Ne5 14. Bc2 exd5 15. exd5 f5 16. Nd2 b5
17. Nd3 Ng4 18. Rf3 c4 19. Nf2 Qb6 20. Nf1 f4 21. gxf4 Nxf2
22. Rxf2 Rxf4 23. Qd2 Bd7 24. Qe3 b4 25. Rb1 Re8 26. Qxb6 axb6
27. Rxf4 gxf4 28. Bg6 Re2 29. cxb4 Bd4+ 30. Kh1 f3 0-1

[Event "Hastings Chess Congress"]
[Site "Hastings ENG"]
[Date "2009.01.01"]
[EventDate "2008.12.28"]
[Round "5"]
[Result "0-1"]
[White "Jacques Bernard"]
[Black "Andrew D Green"]
[WhiteElo "2257"]
[BlackElo "2102"]
[PlyCount "48"]

1. e4 Nf6 2. e5 Nd5 3. d4 d6 4. Nf3 dxe5 5. dxe5 Bg4 6. Bc4 e6
7. h3 Bh5 8. O-O Nc6 9. g4 Bg6 10. Bg5 Be7 11. Bxe7 Qxe7
12. Bxd5 exd5 13. Nc3 O-O-O 14. Re1 d4 15. Nb5 Qc5 16. Na3 h5
17. g5 Rhe8 18. Qe2 Rd5 19. Rad1 Nxe5 20. Nxd4 Rxd4 21. Qe3
Qc6 22. Rxd4 Nf3+ 23. Qxf3 Rxe1+ 24. Kg2 Rg1+ 0-1

[Event "Hastings Chess Congress"]
[Site "Hastings ENG"]
[Date "2009.01.01"]
[EventDate "2008.12.28"]
[Round "5"]
[Result "1-0"]
[White "Felix J Kwiatkowski"]
[Black "Dominic Foord"]
[WhiteElo "2219"]
[BlackElo "2043"]
[PlyCount "81"]

1. e4 e5 2. Nf3 d6 3. d4 exd4 4. Nxd4 Nf6 5. Nc3 Be7 6. Qf3
Nbd7 7. Be2 Ne5 8. Qg3 g6 9. O-O c5 10. Nb3 Be6 11. Nxc5 dxc5
12. Qxe5 Bd6 13. Qg5 h6 14. Qe3 Nd7 15. f4 c4 16. Kh1 Bc5
17. Qf3 Nb6 18. f5 gxf5 19. exf5 Bd7 20. Qe4+ Qe7 21. Bf3 Qxe4
22. Nxe4 Be7 23. f6 Bf8 24. Bf4 O-O-O 25. Rad1 Bc6 26. Rxd8+
Kxd8 27. Rd1+ Kc8 28. Bg4+ Bd7 29. Bxd7+ Nxd7 30. a4 Bb4
31. c3 Re8 32. Rd4 Bf8 33. g3 Ne5 34. Bxh6 Nc6 35. Bxf8 Nxd4
36. Nd6+ Kd7 37. Nxe8 Kxe8 38. Bc5 Nc6 39. Kg2 b6 40. Be7 Ne5
41. h4 1-0

[Event "Hastings Chess Congress"]
[Site "Hastings ENG"]
[Date "2009.01.01"]
[EventDate "2008.12.28"]
[Round "5"]
[Result "1/2-1/2"]
[White "James J McDonnell"]
[Black "Ian Snape"]
[WhiteElo "2041"]
[BlackElo "2219"]
[PlyCount "32"]

1. e4 c5 2. b3 Nf6 3. e5 Nd5 4. Bb2 Nc6 5. Nf3 Nc7 6. Nc3 Ne6
7. g3 g6 8. Nd5 Bg7 9. Qe2 d6 10. Nf4 dxe5 11. Nxe6 Bxe6
12. Qb5 O-O 13. O-O-O Bg4 14. Be2 e4 15. Ng1 Bxe2 16. Nxe2 Nd4
1/2-1/2

[Event "Hastings Chess Congress"]
[Site "Hastings ENG"]
[Date "2009.01.01"]
[EventDate "2008.12.28"]
[Round "5"]
[Result "1-0"]
[White "Nikoloz Chkhaidze"]
[Black "Alexandra Wilson"]
[WhiteElo "2203"]
[BlackElo "2026"]
[PlyCount "43"]

1. e4 e6 2. d4 d5 3. e5 c5 4. c3 Nc6 5. Nf3 Bd7 6. Be2 Nge7
7. Na3 cxd4 8. cxd4 Qb6 9. O-O Nf5 10. Nc2 Be7 11. g4 Nh4
12. Nxh4 Bxh4 13. Be3 Rc8 14. Bd3 Na5 15. g5 h6 16. Qh5 Bxg5
17. Bxg5 Qxb2 18. Bd2 Rxc2 19. Bxa5 Rxf2 20. Rxf2 Qxa1+
21. Kg2 O-O 22. Bb4 1-0

[Event "Hastings Chess Congress"]
[Site "Hastings ENG"]
[Date "2009.01.01"]
[EventDate "2008.12.28"]
[Round "5"]
[Result "1-0"]
[White "Christine Flear"]
[Black "Jens Nebel"]
[WhiteElo "2092"]
[BlackElo "2199"]
[PlyCount "81"]

1. d4 Nf6 2. c4 c5 3. d5 e6 4. Nc3 exd5 5. cxd5 d6 6. Nf3 g6
7. h3 Qe7 8. e4 a6 9. Bd3 b5 10. O-O Bg7 11. e5 dxe5 12. Nxe5
O-O 13. Re1 Qd8 14. Bg5 Qb6 15. a4 c4 16. Be2 Bb7 17. Bf3 Nfd7
18. a5 Qc7 19. d6 Qc8 20. Nd5 Kh8 21. Ne7 Bxf3 22. Qxf3 Nxe5
23. Rxe5 Qd7 24. Re2 Ra7 25. Rd1 Qb7 26. Qe3 Nd7 27. Bh6 Raa8
28. Bxg7+ Kxg7 29. Qd4+ f6 30. Nd5 Rf7 31. Rde1 Raf8 32. Re7
Qc6 33. Nc7 Kg8 34. R1e6 Nc5 35. Re3 Nb3 36. Qd5 Qxd5 37. Nxd5
Nc5 38. Rc7 Nd3 39. f4 g5 40. Ree7 Nxf4 41. Nxf6+ 1-0

[Event "Hastings Chess Congress"]
[Site "Hastings ENG"]
[Date "2009.01.01"]
[EventDate "2008.12.28"]
[Round "5"]
[Result "0-1"]
[White "Juan Carlos Fernandez Fernandez"]
[Black "Robert Eames"]
[WhiteElo "2062"]
[BlackElo "2329"]
[PlyCount "112"]

1. d4 Nf6 2. c4 e6 3. Nf3 c5 4. d5 d6 5. Nc3 exd5 6. cxd5 g6
7. h3 a6 8. a4 Qe7 9. Bg5 Bg7 10. e3 h6 11. Bf4 g5 12. Bh2 g4
13. hxg4 Bxg4 14. Be2 Bxf3 15. Bxf3 Nbd7 16. Qc2 Rb8 17. O-O
b5 18. axb5 axb5 19. Ra5 b4 20. Nb5 Ne5 21. Ra7 Nfd7 22. Nc7+
Kf8 23. Bxe5 Bxe5 24. Qf5 Rg8 25. Ne6+ Ke8 26. Nc7+ Kd8
27. Na6 Rc8 28. Bg4 Rxg4 29. Qxg4 Bxb2 30. g3 Bf6 31. Rb1 Ne5
32. Qg8+ Qe8 33. Qh7 Nf3+ 34. Kg2 Ng5 35. Qf5 Qe4+ 36. Qxe4
Nxe4 37. Nxb4 Nc3 38. Rb3 cxb4 39. Rxb4 Nxd5 40. Rb5 Nc7
41. Rh5 Bg7 42. g4 Ke7 43. g5 hxg5 44. Rxg5 Bf6 45. Rh5 Ke6
46. Rh7 Bg5 47. f4 Be7 48. e4 Nb5 49. Rb7 Nd4 50. Rh6+ Bf6
51. f5+ Ke5 52. Rxf7 Bg5 53. Rg6 Kf4 54. Ra7 Rc2+ 55. Kf1 Bh4
56. Ra3 Nf3 0-1

[Event "Hastings Chess Congress"]
[Site "Hastings ENG"]
[Date "2009.01.01"]
[EventDate "2008.12.28"]
[Round "5"]
[Result "1/2-1/2"]
[White "Timothy Spanton"]
[Black "Bernard Cafferty"]
[WhiteElo "1982"]
[BlackElo "2179"]
[PlyCount "31"]

1. e4 Nf6 2. Nc3 d5 3. exd5 Nxd5 4. Bc4 Nxc3 5. Qf3 e6 6. Qxc3
Qf6 7. Qxf6 gxf6 8. d4 Nc6 9. Nf3 Bd7 10. Bd2 Ne7 11. O-O-O
Bc6 12. Bf4 Nd5 13. Bd2 Ne7 14. Bf4 Nd5 15. Bd2 Ne7 16. Bf4
1/2-1/2

[Event "Hastings Chess Congress"]
[Site "Hastings ENG"]
[Date "2009.01.01"]
[EventDate "2008.12.28"]
[Round "5"]
[Result "0-1"]
[White "Paul Hopper"]
[Black "George E O'Toole"]
[WhiteElo "2173"]
[BlackElo "2054"]
[PlyCount "86"]

1. e4 e5 2. Nc3 Nf6 3. g3 c6 4. Bg2 d5 5. exd5 cxd5 6. Nge2
Bc5 7. O-O Nc6 8. Na4 Be7 9. d4 O-O 10. dxe5 Nxe5 11. Nac3 Bg4
12. f3 Bf5 13. Nd4 Bc5 14. Nce2 Qb6 15. Kh1 Bd3 16. Nb3 Ba6
17. Bf4 Rfe8 18. Nxc5 Qxc5 19. Re1 Ng6 20. Bg5 Qf2 21. Bxf6
Bxe2 22. Qd4 Re3 23. Bxg7 Bxf3 24. Bxf3 Rxe1+ 25. Rxe1 Qxe1+
26. Kg2 Re8 27. Bh6 Qe5 28. Qxe5 Rxe5 29. Kf2 b6 30. h4 f6
31. Bd2 Ne7 32. Bc3 Re6 33. Bb4 d4 34. Bg4 f5 35. Be2 Kg7
36. Bxe7 Rxe7 37. Bd3 Kf6 38. b3 Re3 39. a4 h6 40. Bf1 Ke5
41. Bd3 f4 42. g4 Rg3 43. Bf5 h5 0-1

[Event "Hastings Chess Congress"]
[Site "Hastings ENG"]
[Date "2009.01.01"]
[EventDate "2008.12.28"]
[Round "5"]
[Result "1/2-1/2"]
[White "Rasa Norinkeviciute"]
[Black "Martin Mitchell"]
[WhiteElo "2005"]
[BlackElo "2169"]
[PlyCount "51"]

1. c4 g6 2. g3 Bg7 3. Bg2 e5 4. Nc3 Ne7 5. e4 d6 6. d3 Nbc6
7. Be3 Nd4 8. Nce2 f5 9. f3 O-O 10. Qd2 Be6 11. Nxd4 exd4
12. Bg5 fxe4 13. fxe4 Qd7 14. Nf3 c6 15. O-O d5 16. cxd5 cxd5
17. Bxe7 Qxe7 18. e5 Rf5 19. Rae1 Raf8 20. Kh1 Rh5 21. Nxd4
Rxf1+ 22. Rxf1 Rxe5 23. Nxe6 Qxe6 24. Qf4 h6 25. Qf3 Re1
26. b3 1/2-1/2

[Event "Hastings Chess Congress"]
[Site "Hastings ENG"]
[Date "2009.01.01"]
[EventDate "2008.12.28"]
[Round "5"]
[Result "1/2-1/2"]
[White "Matthew Lunn"]
[Black "George Dickson"]
[WhiteElo "1874"]
[BlackElo "2135"]
[PlyCount "47"]

1. d4 f5 2. g3 g6 3. Bg2 Nf6 4. c4 Bg7 5. Nc3 O-O 6. Nf3 d6
7. O-O Nc6 8. d5 Ne5 9. Nxe5 dxe5 10. e4 f4 11. gxf4 exf4
12. Bxf4 Nxe4 13. Nxe4 Rxf4 14. Qb3 Qf8 15. Rae1 Bd4 16. Re2
Bg4 17. Rd2 Be5 18. Re1 Bf3 19. Ng3 Qf6 20. Rxe5 Qxe5 21. Bxf3
Qe1+ 22. Nf1 Raf8 23. Re2 Qc1 24. Re3 1/2-1/2

[Event "Hastings Chess Congress"]
[Site "Hastings ENG"]
[Date "2009.01.01"]
[EventDate "2008.12.28"]
[Round "5"]
[Result "1/2-1/2"]
[White "David Cilia Vincenti"]
[Black "Elliott Auckland"]
[WhiteElo "2108"]
[BlackElo "2017"]
[PlyCount "50"]

1. d4 Nf6 2. c4 g6 3. f3 e5 4. dxe5 Nh5 5. Nh3 Qh4+ 6. g3 Qxc4
7. e4 Qc5 8. Nc3 Nc6 9. f4 Be7 10. Nf2 d6 11. exd6 cxd6
12. Nd3 Qd4 13. Qe2 Nb4 14. Nxb4 Qxb4 15. a3 Qa5 16. Bd2 Nf6
17. Nd5 Qd8 18. Nxe7 Qxe7 19. Bc3 O-O 20. Bg2 Re8 21. Bxf6
Qxf6 22. O-O Bd7 23. Rad1 Bc6 24. Rfe1 Re6 25. Qd2 Rae8
1/2-1/2

[Event "Hastings Chess Congress"]
[Site "Hastings ENG"]
[Date "2009.01.01"]
[EventDate "2008.12.28"]
[Round "5"]
[Result "0-1"]
[White "Adrian Conde"]
[Black "Daniel Rocks"]
[WhiteElo "2067"]
[BlackElo "2129"]
[PlyCount "55"]

1. c4 e5 2. Nc3 Nc6 3. g3 g6 4. Bg2 Bg7 5. a3 a5 6. d3 Nge7
7. Nf3 O-O 8. O-O d6 9. Bg5 h6 10. Bd2 f5 11. Rb1 Be6 12. b4
axb4 13. axb4 Qd7 14. Ne1 d5 15. b5 Na5 16. Na4 b6 17. c5 Nc8
18. Bb4 Rd8 19. Ba3 Rb8 20. Bb4 Ra8 21. Ba3 Qf7 22. e3 Nb7
23. d4 e4 24. f3 Na5 25. fxe4 dxe4 26. Bxe4 Ra7 27. g4 Ba2
28. Ra1 0-1

[Event "Hastings Chess Congress"]
[Site "Hastings ENG"]
[Date "2009.01.01"]
[EventDate "2008.12.28"]
[Round "5"]
[Result "0-1"]
[White "James S Macrae"]
[Black "Adrian O Pickersgill"]
[WhiteElo "1778"]
[BlackElo "2043"]
[PlyCount "46"]

1. d4 d5 2. Nf3 Nc6 3. Bg5 Bg4 4. e3 f6 5. Bf4 e5 6. Bg3 e4
7. c4 exf3 8. gxf3 Be6 9. Qb3 dxc4 10. Bxc4 Bxc4 11. Qxc4 Bd6
12. Nc3 Nge7 13. O-O-O a6 14. Rhg1 Bxg3 15. Rxg3 Nf5 16. Rg4
Qd7 17. Re4+ Kd8 18. Qb3 Nd6 19. Na4 Na5 20. Qb4 Nxe4 21. fxe4
Qc6+ 22. Kd2 Nc4+ 23. Kd3 Qxa4 0-1

[Event "Hastings Chess Congress"]
[Site "Hastings ENG"]
[Date "2009.01.01"]
[EventDate "2008.12.28"]
[Round "5"]
[Result "1-0"]
[White "Uwe Nebel"]
[Black "Einora Juciute"]
[WhiteElo "2001"]
[BlackElo "1815"]
[PlyCount "45"]

1. e4 c6 2. d4 d5 3. Nc3 dxe4 4. Nxe4 Nd7 5. Bc4 Ngf6 6. Ng5
e6 7. Qe2 Nb6 8. Bb3 Qxd4 9. N1f3 Qd6 10. Ne5 Nfd5 11. Ngxf7
Qb4+ 12. Bd2 Qh4 13. Nxh8 Bd7 14. Nhf7 g6 15. Bxd5 Nxd5
16. Nxd7 Kxd7 17. Ne5+ Kc7 18. O-O-O Bg7 19. Qg4 Qf6 20. Rhe1
a5 21. Bg5 Qxf2 22. Rf1 Qc5 23. Rf7+ 1-0

[Event "Hastings Chess Congress"]
[Site "Hastings ENG"]
[Date "2009.01.01"]
[EventDate "2008.12.28"]
[Round "5"]
[Result "0-1"]
[White "Jude A Lenier"]
[Black "Simon Knight"]
[WhiteElo "1831"]
[BlackElo "2148"]
[PlyCount "50"]

1. e4 c5 2. Nf3 e6 3. d4 cxd4 4. Nxd4 Nf6 5. Nc3 a6 6. g3 Qc7
7. Bg2 Nc6 8. Be3 Be7 9. O-O d6 10. f4 Bd7 11. a3 Rc8 12. g4
Nxd4 13. Bxd4 e5 14. g5 Ng4 15. Nd5 Qxc2 16. Qxc2 Rxc2 17. Bc3
Bc6 18. h3 Bxd5 19. hxg4 Bc6 20. Bf3 Bd8 21. fxe5 h5 22. Bd4
hxg4 23. Bg2 dxe5 24. Be3 Rxb2 25. Rf5 Rxg2+ 0-1